| 000 | 00536nam a22001817a 4500 | ||
|---|---|---|---|
| 003 | OSt | ||
| 005 | 20140424082955.0 | ||
| 008 | 140424b xxu||||| |||| 00| 0 eng d | ||
| 020 | _a043931707X | ||
| 050 |
_aQM 101 _b.H249 2002 |
||
| 100 | _aHansen, Rosanna | ||
| 245 |
_aBones! : _ball kinds of hands, all kinds of feet / _cRosanna Hansen ; illustrated by Joel Snyder. |
||
| 260 |
_aNew York : _bScholastic, _c2002. |
||
| 300 |
_a1 v. (unpaged) : _bcol. ill. ; _c23 cm. |
||
| 650 | _aFiction. | ||
| 942 |
_2lcc _cBK |
||
| 999 |
_c115467 _d115467 |
||